| 000 | 00365nam a2200145Ia 4500 | ||
|---|---|---|---|
| 008 | 230917s9999||||xx |||||||||||||| ||und|| | ||
| 040 |
_e207128 _aMAIN |
||
| 041 | _aEnglish | ||
| 082 | _a515.35 A81T | ||
| 100 | _aAnsari, A A | ||
| 245 | 0 | _aTextbook of differential equations | |
| 260 |
_aNew Delhi _bDominant Publishers _c2012 |
||
| 300 | _a394 p. | ||
| 942 | _cBK | ||
| 999 |
_c165772 _d165772 |
||